#9 Soccer World Cup Participant ? - Statistics

General Stats
  • This quiz has been taken 42 times
  • The average score is 5 of 6
Answers on the Grid
Answers color-coded by a green-red scale on the quiz's grid according to % correct below.
Greece
Turkey
Northern Ireland
Costa Rica
Guinea
Zimbabwe
Myanmar
Mauretania
Libya
Somalia
Armenia
Azerbaijan
Faroe Islands
South Korea
Spain
 
Answer Stats
Answer % Correct
Turkey
92%
South Korea
88%
Costa Rica
83%
Spain
83%
Greece
75%
Northern Ireland
71%
No matching quizzes found
Score Distribution
Percent of People with Each Score
Percentile by Number Answered
Your Score History
You have not taken this quiz